<?xml version="1.0" encoding="UTF-8"?><?xml-stylesheet type="text/xsl" href="static/style.xsl"?><OAI-PMH xmlns="http://www.openarchives.org/OAI/2.0/" xmlns:xsi="http://www.w3.org/2001/XMLSchema-instance" xsi:schemaLocation="http://www.openarchives.org/OAI/2.0/ http://www.openarchives.org/OAI/2.0/OAI-PMH.xsd"><responseDate>2026-04-17T02:56:40Z</responseDate><request verb="GetRecord" identifier="oai:www.recercat.cat:2099.1/25387" metadataPrefix="marc">https://recercat.cat/oai/request</request><GetRecord><record><header><identifier>oai:recercat.cat:2099.1/25387</identifier><datestamp>2025-07-24T18:21:53Z</datestamp><setSpec>com_2072_1033</setSpec><setSpec>col_2072_452951</setSpec></header><metadata><record xmlns="http://www.loc.gov/MARC21/slim" xmlns:dcterms="http://purl.org/dc/terms/" xmlns:xsi="http://www.w3.org/2001/XMLSchema-instance" xmlns:doc="http://www.lyncode.com/xoai" xsi:schemaLocation="http://www.loc.gov/MARC21/slim http://www.loc.gov/standards/marcxml/schema/MARC21slim.xsd">
   <leader>00925njm 22002777a 4500</leader>
   <datafield ind2=" " ind1=" " tag="042">
      <subfield code="a">dc</subfield>
   </datafield>
   <datafield ind2=" " ind1=" " tag="720">
      <subfield code="a">Vallés Tomàs, Javier</subfield>
      <subfield code="e">author</subfield>
   </datafield>
   <datafield ind2=" " ind1=" " tag="260">
      <subfield code="c">2014-06</subfield>
   </datafield>
   <datafield ind2=" " ind1=" " tag="520">
      <subfield code="a">El mercado de guitarras eléctricas y de sus componentes es muy amplio y la elección suele ser subjetiva y empírica. Este proyecto pretende crear una herramienta para poder comparar de forma objetiva los resultados de agrupar distintas combinaciones.</subfield>
   </datafield>
   <datafield ind2=" " ind1=" " tag="520">
      <subfield code="a">[ANGLÈS] The purpose of this project is make&#xd;
it easier for guitarists to modify any&#xd;
electronic&#xd;
component of their instrument, as well as to help them decide if any of the changes worth&#xd;
the investment of money and time.&#xd;
The sound of an electric guitar or bass guitar is determined by two factors: the instrument&#xd;
body and its electronics. This project is focused on the electronics, aiming to&#xd;
analyze&#xd;
and&#xd;
recreate them&#xd;
through a software platform without any physical change ne&#xd;
eded. For this&#xd;
purpose, a circuit has been designed as an Arduino shield, based on using the guitar’s&#xd;
pickup as a RLC resonant in an oscillator circuit to obtain the resonance frequency of the&#xd;
system and therefore the pickup parameters with the Arduino mic&#xd;
rocontroller.&#xd;
In addition, a MATLAB application has been designed as a prototype in order to be the&#xd;
reference for the next project’s web application. It can record guitar audio clips, modify&#xd;
them using the graphic user interface and listen the result of th&#xd;
e modifications&#xd;
. Every&#xd;
configuration and recording can be saved and loaded, in order to be share&#xd;
d&#xd;
by the users&#xd;
when the application is online and open&#xd;
-&#xd;
software.</subfield>
   </datafield>
   <datafield ind2=" " ind1=" " tag="520">
      <subfield code="a">[CASTELLÀ] El propósito de este proyecto es simplificar a los guitarristas la modificación de cualquier&#xd;
componente&#xd;
electrónico&#xd;
de su instrumento, así como ayudarles a decidir si merece la pena&#xd;
la inversión de tiempo y dinero.&#xd;
El sonido de una guitarra o bajo eléctrico viene dado por dos&#xd;
factores: el instrumento y los&#xd;
componentes electrónicos. Este proyecto se centra en la&#xd;
electrónica para analizarla y&#xd;
poder reproducirla mediante software sin necesidad de hacer cambios físicos. Para ello,&#xd;
se ha diseñado un circuito en forma de “shield” para Arduino&#xd;
que se basa en utilizar la&#xd;
pastilla de resonante RLC en un circuito oscilador&#xd;
para calcular la frecuencia de resonancia&#xd;
y a partir de ahí los parámetros de la pastilla con el microcontrolador Arduino.&#xd;
Además, se ha diseñado una aplicación en MATLAB como prototipo a partir del cual&#xd;
diseñar la aplicación web con la que se puede graba&#xd;
r clips de audio de guitarra y,&#xd;
modificando el circuito en la interfaz de usuario, escuchar la diferencia de sonido&#xd;
. Todas&#xd;
las configuraciones y grabaciones se pueden guardar y cargar, pensado para que los&#xd;
usuarios puedan compartirlas cuando la aplicación&#xd;
sea&#xd;
online&#xd;
y&#xd;
abierta&#xd;
.</subfield>
   </datafield>
   <datafield ind2=" " ind1=" " tag="520">
      <subfield code="a">[CATALÀ] El propòsit d’aquest projecte és simplificar als guitarristes qualsevol modificació de&#xd;
components&#xd;
electrònics&#xd;
del seu instrument, així com també ajudar&#xd;
-&#xd;
los a decidir si els hi és&#xd;
rentable la inversió de temps i diners.&#xd;
El so d’una guitarra o baix elèctric està determinat per dos factors: un és l’instrument i&#xd;
l’altre els components elèctrics.&#xd;
Aquest projecte està centrat en l’electrònica per tal&#xd;
d’analitzar&#xd;
-&#xd;
la i reproduir&#xd;
-&#xd;
la mitjançant programari sense la necessitat de fer canvis físics.&#xd;
Per això, s’ha dissenyat un circuit en forma de “shield” d’Arduino que es basa en utilitzar&#xd;
la pastilla de&#xd;
ressonant RLC en un circuit oscil·lador per calcular la freqüència de&#xd;
ressonància i posteriorment els paràmetres de la pastilla amb el microcontrolador Arduino.&#xd;
A més, s’ha dissenyat una aplicació&#xd;
en MATLAB com a prototip a partir del qual dissenyar&#xd;
l’apli&#xd;
cació web amb la qual es pot grabar clips d’audio de la guitarra i, modificant&#xd;
-&#xd;
ne el&#xd;
circuit a la pantalla d’usuari, escoltar&#xd;
-&#xd;
ne la diferència. Totes les configuracions i grabacions&#xd;
es poden guardar i carregar, pensant en que els usuaris puguin compartir&#xd;
-&#xd;
l&#xd;
es quan&#xd;
l’aplicació sigui online i oberta.</subfield>
   </datafield>
   <datafield tag="653" ind2=" " ind1=" ">
      <subfield code="a">Àrees temàtiques de la UPC::Enginyeria electrònica::Circuits electrònics</subfield>
   </datafield>
   <datafield tag="653" ind2=" " ind1=" ">
      <subfield code="a">Graphical user interfaces (Computer systems)</subfield>
   </datafield>
   <datafield tag="653" ind2=" " ind1=" ">
      <subfield code="a">Electric guitar</subfield>
   </datafield>
   <datafield tag="653" ind2=" " ind1=" ">
      <subfield code="a">Electronic Circuits</subfield>
   </datafield>
   <datafield tag="653" ind2=" " ind1=" ">
      <subfield code="a">Graphic User Interface</subfield>
   </datafield>
   <datafield tag="653" ind2=" " ind1=" ">
      <subfield code="a">Oscillators</subfield>
   </datafield>
   <datafield tag="653" ind2=" " ind1=" ">
      <subfield code="a">Modelling</subfield>
   </datafield>
   <datafield tag="653" ind2=" " ind1=" ">
      <subfield code="a">Circuitos Electrónicos</subfield>
   </datafield>
   <datafield tag="653" ind2=" " ind1=" ">
      <subfield code="a">Interfaces gráficas de usuario</subfield>
   </datafield>
   <datafield tag="653" ind2=" " ind1=" ">
      <subfield code="a">Osciladores</subfield>
   </datafield>
   <datafield tag="653" ind2=" " ind1=" ">
      <subfield code="a">Modelización</subfield>
   </datafield>
   <datafield tag="653" ind2=" " ind1=" ">
      <subfield code="a">Circuits electrònics -- Disseny</subfield>
   </datafield>
   <datafield tag="653" ind2=" " ind1=" ">
      <subfield code="a">Modelització</subfield>
   </datafield>
   <datafield tag="653" ind2=" " ind1=" ">
      <subfield code="a">Oscil·ladors</subfield>
   </datafield>
   <datafield tag="653" ind2=" " ind1=" ">
      <subfield code="a">Interfícies gràfiques d'usuari (Informàtica)</subfield>
   </datafield>
   <datafield tag="653" ind2=" " ind1=" ">
      <subfield code="a">Guitarra elèctrica</subfield>
   </datafield>
   <datafield ind2="0" ind1="0" tag="245">
      <subfield code="a">Electric guitar pickup caracterization and modelling</subfield>
   </datafield>
   <datafield ind2="0" ind1="0" tag="245">
      <subfield code="a">Caracteritzación y modelación de captadores de guitarra eléctrica</subfield>
   </datafield>
   <datafield ind2="0" ind1="0" tag="245">
      <subfield code="a">Caracterització i model·lació de captadors de guitarra elèctrica</subfield>
   </datafield>
</record></metadata></record></GetRecord></OAI-PMH>